[Event "BRA-ch Amateur U1800"]
[Site "Sao Paulo"]
[Date "2018.06.03"]
[Round "7"]
[White "Borges, Lucas Silvestre"]
[Black "De Souza, Leonardo F Pereira"]
[Result "1/2-1/2"]
[WhiteElo "1789"]
[BlackElo "1771"]
[PlyCount "51"]
[EventDate "2018.05.31"]
[EventType "swiss"]
[EventRounds "7"]
[EventCountry "BRA"]
[SourceTitle "EXT 2021"]
[Source "ChessBase"]
[SourceDate "2020.10.23"]
[SourceVersion "1"]
[SourceVersionDate "2020.10.23"]
[SourceQuality "1"]

1. d4 d5 2. Nf3 Nf6 3. Bg5 e6 4. Nbd2 Be7 5. e3 0-0 6. Bd3 c5 7. c3 b6 8. Ne5 Qc7 9. Qe2 a5 10. 0-0 Ba6 11. f4 Bxd3 12. Qxd3 c4 13. Qe2 b5 14. e4 Nbd7 15. Nxd7 Qxd7 16. e5 Ne8 17. Nf3 b4 18. Qc2 bxc3 19. bxc3 g6 20. Bxe7 Qxe7 21. Qa4 Ng7 22. g4 Rfb8 23. Rab1 Qc7 24. Nd2 Qe7 25. Nf3 Qc7 26. Nd2 1/2-1/2

[Event "BRA-ch Amateur U1800"]
[Site "Sao Paulo"]
[Date "2018.05.31"]
[Round "6"]
[White "De Souza, Leonardo F Pereira"]
[Black "Andrade, Guilherme A de Sou"]
[Result "1/2-1/2"]
[WhiteElo "1771"]
[BlackElo "1725"]
[PlyCount "104"]
[EventDate "2018.05.31"]
[EventType "swiss"]
[EventRounds "7"]
[EventCountry "BRA"]
[SourceTitle "EXT 2021"]
[Source "ChessBase"]
[SourceDate "2020.10.23"]
[SourceVersion "1"]
[SourceVersionDate "2020.10.23"]
[SourceQuality "1"]

1. e4 c5 2. Nf3 e6 3. d4 cxd4 4. Nxd4 a6 5. Bd3 Nf6 6. Nc3 Qc7 7. 0-0 Nc6 8. Be3 b5 9. Nxc6 dxc6 10. f4 Bb7 11. e5 Nd5 12. Nxd5 cxd5 13. f5 Bc5 14. Bxc5 Qxc5+ 15. Kh1 0-0-0 16. fxe6 fxe6 17. Qg4 Qe7 18. a4 b4 19. Rf4 h5 20. Qf3 Rdf8 21. Rf1 Rxf4 22. Qxf4 Kd8 23. Bg6 Bc6 24. Qf2 Be8 25. Qb6+ Kd7 26. Qa7+ Kd8 27. Qa8+ Kc7 28. Bxe8 Rxe8 29. Qxa6 Rb8 30. b3 Rb6 31. Qd3 Rc6 32. Qg6 Qc5 33. Qxg7+ Kb6 34. Rf7 Qxc2 35. Rb7+ Kc5 36. Qe7+ Kd4 37. Qxb4+ Kd3 38. h3 Rc4 39. Qe1 Re4 40. Qf1+ Kd2 41. Qf2+ Re2 42. Qd4+ Ke1 43. Rg7 Qxb3 44. a5 Qc4 45. Qxc4 dxc4 46. Rc7 Rxe5 47. a6 Ra5 48. a7 Kd2 49. Rxc4 Rxa7 50. Re4 Ra6 51. Kg1 Kd3 52. Re5 h4 1/2-1/2

[Event "Sao Paulo op-B U2050 7th"]
[Site "Sao Paulo"]
[Date "2018.03.30"]
[Round "2"]
[White "Nascimento, Pedro Henrique Alve"]
[Black "De Souza, Leonardo F Pereira"]
[Result "1-0"]
[WhiteElo "1972"]
[BlackElo "1779"]
[PlyCount "93"]
[EventDate "2018.03.30"]
[EventType "swiss"]
[EventRounds "6"]
[EventCountry "BRA"]
[SourceTitle "EXT 2021"]
[Source "ChessBase"]
[SourceDate "2020.10.23"]
[SourceVersion "1"]
[SourceVersionDate "2020.10.23"]
[SourceQuality "1"]

1. d4 Nf6 2. c4 e6 3. Nc3 d5 4. cxd5 exd5 5. Bg5 Be7 6. e3 c6 7. Qc2 Nbd7 8. Bd3 0-0 9. Nge2 Re8 10. 0-0 Nf8 11. f3 h6 12. Bh4 Ne6 13. Bf2 c5 14. dxc5 Nxc5 15. Bb5 Bd7 16. Rad1 Bxb5 17. Nxb5 Qb6 18. Nbc3 Red8 19. e4 dxe4 20. Na4 Qb5 21. Nxc5 Bxc5 22. Bxc5 Rdc8 23. b4 b6 24. Nc3 Qc6 25. Bd4 Nd5 26. Rc1 Qc4 27. Qxe4 Nxb4 28. Ne2 Nc2 29. Qg4 g6 30. Rxc2 Qxc2 31. Rc1 Qf5 32. Qxf5 Rxc1+ 33. Nxc1 gxf5 34. Be3 Kg7 35. Kf2 Rc8 36. Ke2 h5 37. h4 Kf6 38. Kd3 Ke5 39. Bd4+ Kd6 40. Ne2 Re8 41. Ng3 Re1 42. Nxf5+ Kc6 43. g4 hxg4 44. fxg4 Kd7 45. h5 Rh1 46. h6 Ke6 47. Ng7+ 1-0

[Event "BRA-ch Amateur U1800"]
[Site "Sao Paulo"]
[Date "2017.10.14"]
[Round "6"]
[White "Ritzel, Ricardo Agne"]
[Black "De Souza, Leonardo F Pereira"]
[Result "1-0"]
[WhiteElo "1737"]
[BlackElo "1731"]
[PlyCount "85"]
[EventDate "2017.10.12"]
[EventType "swiss"]
[EventRounds "7"]
[EventCountry "BRA"]
[SourceTitle "EXT 2019"]
[Source "ChessBase"]
[SourceDate "2018.10.10"]
[SourceVersion "1"]
[SourceVersionDate "2018.10.10"]
[SourceQuality "1"]

1. e4 c5 2. Nf3 d6 3. d4 cxd4 4. Nxd4 Nf6 5. Nc3 a6 6. Be2 e5 7. Nb3 Be6 8. Be3 Be7 9. Nd5 Bxd5 10. exd5 Nbd7 11. c4 0-0 12. 0-0 Ne8 13. f3 f5 14. Nd2 f4 15. Bf2 a5 16. Rc1 Nef6 17. Bd3 g6 18. Qe2 b6 19. Ne4 Nxe4 20. Bxe4 Nc5 21. Bc2 Qe8 22. b3 g5 23. h3 h5 24. a3 Qf7 25. b4 axb4 26. axb4 Nd7 27. Ra1 Rfc8 28. Ba4 Bd8 29. Bc6 Rxa1 30. Rxa1 Nb8 31. b5 Nxc6 32. bxc6 Kg7 33. Ra6 Rb8 34. Qa2 Kh6 35. Ra7 Bc7 36. Qa6 Qe7 37. Bxb6 Bxb6+ 38. Qxb6 Rxb6 39. Rxe7 Rb1+ 40. Kh2 g4 41. hxg4 hxg4 42. fxg4 Kg5 43. c7 1-0

[Event "Sao Paulo Schutt op 14th"]
[Site "Sao Paulo"]
[Date "2017.09.15"]
[Round "2"]
[White "De Souza, Leonardo F Pereira"]
[Black "Ferreira, Caio Tulio Moreira"]
[Result "0-1"]
[WhiteElo "1837"]
[BlackElo "1510"]
[PlyCount "44"]
[EventDate "2017.09.15"]
[EventType "swiss"]
[EventRounds "6"]
[EventCountry "BRA"]
[SourceTitle "CBM 180 Extra"]
[Source "ChessBase"]
[SourceDate "2017.10.06"]
[SourceVersion "1"]
[SourceVersionDate "2017.10.06"]
[SourceQuality "1"]

1. e4 c5 2. Nf3 d6 3. d4 cxd4 4. Nxd4 Nf6 5. Nc3 g6 6. Be3 Bg7 7. f3 0-0 8. Qd2 Nc6 9. 0-0-0 d5 10. Nxc6 bxc6 11. exd5 Nxd5 12. Nxd5 cxd5 13. Qxd5 Qc7 14. Qc5 Qb7 15. Bd4 Bf5 16. Qa3 Rfc8 17. c3 Bh6+ 18. Rd2 Bxd2+ 19. Kxd2 Rd8 20. Kc1 Qc7 21. Be3 Bd3 22. Bxd3 Rxd3 0-1